Az erőszakos és garázda bűncselekmények alakulása Hajdú-Bihar megyében, különös tekintettel az alkohol közrejátszó hatására

Elmentve itt :
Bibliográfiai részletek
Szerző: Göblyös Jánosné
További közreműködők: nincs megadva (Témavezető)
Dokumentumtípus: Szakdolgozat
Megjelent: 1988
Tárgyszavak:
Online Access:http://diploma.bibl.u-szeged.hu/34900
LEADER 00666nta a2200157 i 4500
001 dipl34900
005 20130314094541.0
008 111117s1988 hu om 0|| zxx d
040 |a SZTE Diploma Repozitórium  |b hun 
041 |a zxx 
100 1 |a Göblyös Jánosné 
245 1 3 |a Az erőszakos és garázda bűncselekmények alakulása Hajdú-Bihar megyében, különös tekintettel az alkohol közrejátszó hatására  |h [elektronikus dokumentum] /  |c Dr. Jánosné Göblyös 
260 |c 1988 
650 4 |a Jogi és igazgatási tanulmányok 
700 1 |a nincs megadva  |e ths 
856 4 0 |u http://diploma.bibl.u-szeged.hu/id/eprint/34900/1/1988_dr_goblyos_janosne.pdf  |z Dokumentum-elérés